Pomôže prezidentova cesta nášmu exportu ?

Informácie z cesty slovenskej hlavy štátu v Malajzii a Indii. Hospodárska situácia Indie, Malajzie. Možnosti Slovenska pre investovanie v týchto krajinách. Zahraničný obchod. Dokumenty podpísané počas návštevy prezidenta v Indii a Malajzii 8. -15. decembra 2004.

Na minha lista:
Detalhes bibliográficos
Autor principal: Filin, Juraj
Formato: Capítulo de Livro
Idioma:eslovaco
Assuntos:
Tags: Adicionar Tag
Sem tags, seja o primeiro a adicionar uma tag!

MARC

LEADER 00000naa$a2200000$$$4500
001 0025160
005 20231006120711.2
041 0 |a slo 
044 |a SK 
245 1 0 |a Pomôže prezidentova cesta nášmu exportu ?  |c Juraj Filin 
520 |a Informácie z cesty slovenskej hlavy štátu v Malajzii a Indii. Hospodárska situácia Indie, Malajzie. Možnosti Slovenska pre investovanie v týchto krajinách. Zahraničný obchod. Dokumenty podpísané počas návštevy prezidenta v Indii a Malajzii 8. -15. decembra 2004. 
610 2 0 |a prezidenti 
610 2 0 |a cesty pracovné 
610 2 0 |a obchod zahraničný 
610 2 0 |a Malajzia 
610 2 0 |a India 
610 2 0 |a 2004 
100 1 |a Filin, Juraj